000 02861nam a2200313 4500
003 EC-UNACH
005 20260331110511.0
006 s||||gr|||| 00| 00
008 150116t9999 mx r gr 000 0 spa d
040 _aEC-UNACH
_cEC-UNACH
041 _aspa
082 0 4 _223
_a336
_bL018610
100 _aSánchez Cuesta, Patricio Alejandro
245 _aFinanzas: Experiencias en América Latina y Ecuador
250 _aPrimera Edición
264 _aRiobamba - Ecuador
_bUniversidad Nacional de Chimborazo
_c2025
264 _aProducción UNACH
300 _a164 páginas
501 _aEste libro, Microfinanzas: Experiencias en América Latina y Ecuador, tiene como propósito analizar en detalle el desarrollo y la evolución de las microfinanzas como herramienta clave para promover la inclusión financiera y el crecimiento económico en la región. A través de un enfoque multidimensional, el texto aborda los diferentes aspectos teóricos, prácticos y regulatorios que han dado forma al sector microfinanciero, con especial énfasis en las experiencias de varios países latinoamericanos y en el caso particular de Ecuador. El término de microfinanzas ha ganado relevancia en las últimas décadas, especialmente en los países en vías de desarrollo, como un mecanismo eficaz para proporcionar servicios financieros a sectores tradicionalmente excluidos del sistema bancario formal. Este libro pretende ofrecer una visión integral del fenómeno de las microfinanzas, proporcionando tanto un análisis conceptual como un estudio de casos prácticos que ilustran su impacto en diversas economías latinoamericanas. El primer capítulo se centra en los aspectos conceptuales y teóricos de las microfinanzas. En esta sección, se presenta una definición clara y precisa de lo que constituye este sector, diferenciando los diversos instrumentos financieros que lo componen, tales como los microcréditos, los servicios de ahorro, seguros y transferencias. Asimismo, se discuten las bases teóricas sobre las que se asienta el modelo de microfinanzas, enmarcando su evolución desde sus primeros indicios hasta su consolidación como una herramienta de desarrollo económico.
505 _aCapítulo 1: Las microfinanzas : conceptualización -- Capítulo 2: El microcrédito: conceptualización e importancia -- Capítulo 3: Experiencias latinoamericanas -- Capítulo 4: Experiencias en Ecuador
650 _aMERCADO DE MICROCRÉDITO
650 _aMICROFINANZAS INTERNACIONALES
650 _aPROVEEDORES DE MICROCRÉDITOS
856 _ahttps://editorial.unach.edu.ec/index.php/Editorial/catalog/book/268
_yLibro Digital - Microfinanzas: Experiencias en América Latina y Ecuador
942 _2ddc
_cEBOOK
999 _c14464